Quiz sur la France (papayega) - Statistiques

Statistiques générales
  • Ce quiz a été pris 75 fois
    55 depuis la dernière actualisation
  • Le résultat moyen est 10 sur 30
Statistiques - réponses
Question Réponse % Correct
Le quel de ces Hommes est Napoléon Bonaparte ?
75%
Parmi ces drapeaux lesquels N'a jamais été celui de la France ?
75%
La France a eu combien d'empereurs ? 3
75%
Combien de médailles olympiques ont été remportées par des français ? 889
75%
La France a-t-elle eu des colonies en Amérique du nord ? Vrai
75%
Avec combien de pays la France possède une frontière terrestre ? 11
50%
Durant quelle période la Révolution français a-t-elle eu lieu ? 1789-1799
50%
A quelle moment la France métropolitaine été la plus grande ? 1811
50%
Quel pourcentage de français vivent ils en zone urbaine ? 81%
50%
Parmi ces organisations la quel n'a pas la France comme membre ? BRICS
50%
De quel peuple le France décent elle ? Des Francs
50%
Lequel de ces philosophes des lumières n'est pas français Emmanuel Kant
50%
La France possède quel type de climat ? Tempéré
50%
Combien de bataille la France a-t-elle remportées 1115
25%
Combien de régions la France possède t-elle 13
25%
Combien d'agglomération de ville française dépasse t-elle le millions d'habitant 3
25%
Quel est le fusils d'assaut produit en France utilisé des années 70 à 2017 par les armées françaises FAMAS
25%
Comment est appelé la ligne imaginaire qui traverse la France de Pau à Nancy qui possède une très faible densité de population ? La Diagonal du vide
25%
Quel république française a durée le plus longtemps ? La troisième république
25%
De quel peuple les français descendent ils en majorités ? Les Celtes
25%
Quel a été le dernier roi qui s'appela Louis ? Louis 19
25%
La France a été en guerre pendant plus de 4 siècles consécutif Vrai
25%
A combien de guerre mondiale la France a participé ? 3
0%
Combien d'oscars ont été remportés par des films français ? 5
0%
Combien de mers/océans la France Borde-t-elle 8
0%
Lequel de ces rois n'est pas français , Henri VI
0%
La quelle de ces entreprises n'est pas française ? La Poste
0%
Quel est le nom du char français produit lors de la première guerre mondiale ? Le FT 17
0%
La France est une ... République semi-présidentiel
0%
Dans quel château l'Empire Allemand a été proclamé suite à la défaite française de 1871 ? Versailles
0%
Aucun quiz correspondant
Distribution des résultats
% des personnes avec chaque résultat
Percentile par nombre de réponses
Votre historique - résultats
Vous n’avez pas pris ce quiz depuis la dernière actualisation